欧洲国家和地区简易地图Simple Map of Countries & Regions in Europe - Statistics

General Stats
  • This quiz has been taken 9 times
  • The average score is 36 of 46
Answers on the Map
Answers color-coded by a green-red scale on the quiz's map according to % correct below.
 
Answer Stats
Answer % Correct
Belarus白俄罗斯
89%
Belgium比利时
89%
France法国
89%
Germany德国
89%
Ireland爱尔兰
89%
Liechtenstein列支敦士登
89%
Luxembourg卢森堡
89%
Monaco摩纳哥
89%
Netherlands荷兰
89%
Portugal葡萄牙
89%
Spain西班牙
89%
United Kingdom英国
89%
Albania阿尔巴尼亚
78%
Andorra安道尔
78%
Croatia克罗地亚
78%
Czech捷克
78%
Denmark丹麦
78%
Estonia爱沙尼亚
78%
Faroe Islands法罗群岛
78%
Finland芬兰
78%
Gibratar直布罗陀
78%
Greece希腊
78%
Iceland冰岛
78%
Italy意大利
78%
Latvia拉脱维亚
78%
Malta马耳他
78%
Moldova摩尔多瓦
78%
North Macedonia北马其顿
78%
Norway挪威
78%
Russia俄罗斯
78%
San Marino圣马力诺
78%
Slovenia斯洛文尼亚
78%
Switzerland瑞士
78%
Ukraine乌克兰
78%
Vatican梵蒂冈
78%
Austria奥地利
67%
Bulgaria保加利亚
67%
Hungary匈牙利
67%
Montenegro黑山
67%
Poland波兰
67%
Romania罗马尼亚
67%
Serbia塞尔维亚
67%
Slovakia斯洛伐克
67%
Sweden瑞典
67%
Bosnia & Herzegovina波斯尼亚和黑塞哥维那
56%
Lithuania立陶宛
56%
No matching quizzes found
Score Distribution
Percent of People with Each Score
Percentile by Number Answered
Your Score History
You have not taken this quiz